| 000 | 00692nam a2200253Ia 4500 | ||
|---|---|---|---|
| 001 | 21944 | ||
| 005 | 20240114000618.0 | ||
| 007 | ta | ||
| 008 | 060310s1917 g b000 u 465 u | ||
| 040 | _aCotton College,Assam | ||
| 041 | _a465 | ||
| 082 |
_a297 _bAl 41 Ob |
||
| 100 | _aAli, Mir Hassan. | ||
| 245 | 0 |
_aObservations on the Mussulmauns of India / _cMir Hassan Ali. _hTextual Documents |
|
| 250 | _a2nd ed. / | ||
| 260 |
_aLondon : _bOxford University Press , _c1917. |
||
| 300 |
_a442p. ; _c21cm. |
||
| 653 | _aG-Islamic studies | ||
| 653 | _aReligion-Islam | ||
| 653 | _aReligious Study-India | ||
| 942 |
_2ddc _cBK |
||
| 999 |
_c21926 _d21926 |
||